The Heaviest Pokémon - Statistics

General Stats
  • This quiz has been taken 21 times
  • The average score is 14 of 28
Answer Stats
Weight (lbs) Weight (kg) Answer % Correct
1587.4 720.0 Aggron (By Use of Heavy Metal)
86%
2204.4 999.9 Cosmoem
86%
2094.4 950.0 Eternatus
86%
1631.4 740.0 Mega Steelix
86%
2078.7 942.9 Mega Metagross
79%
1212.5 550.0 Metagross
79%
2204.4 999.9 Celesteela
71%
2094.4 950.0 Groudon
71%
2204.0 999.7 Primal Groudon
71%
1505.8 683.0 Dialga
64%
1,871.00 848.7 Origin Form Dialga
64%
1653.5 750.0 Altered Forme Giratina
50%
1730.6 785.0 Crowned Shield Zamazenta
50%
1957.7 888.0 Guzzlord
50%
1433.0 650.0 Origin Forme Giratina
50%
1344.8 610.0 Zygarde - Complete
50%
1433.0 650.0 Copperajah
36%
2866.0 1330.0 Copperajah (By Use of Heavy Metal)
36%
2028.3 920.0 Mudsdale
36%
1807.8 820.0 Stakataka
36%
1080.3 490.0 Hoopa Unbound
29%
1763.7 800.0 Melmetal
29%
1543.2 700.0 Cetitan
21%
1542.6 699.7 Ting-Lu
21%
1113.3 505.0 Avalugg
14%
1763.7 800.0 Glastrier
14%
1783.8 809.1 Ice Raider Calyrex
14%
1146.4 520.0 Stonjourner
7%
No matching quizzes found
Score Distribution
Percent of People with Each Score
Percentile by Number Answered
Your Score History
You have not taken this quiz